000 00862nam0a2200301 4500
001 RU\NLR\BIBL_A\011624026
005 20180219130448.0
010 _a978-5-9500826-7-2
_910
021 _aRU
_bКН-П-18-000485
_9КН-П-18-0031
035 _a(NLR Aleph) 011624026
035 _a(RuMoRGB)009510378
090 _a10999002
_c10999002
100 _a20180207d2017 k y0rusy50 ca
101 0 _arus
102 _aRU
105 _aa|||z|||000ay
200 1 _aРазлом
_fН. С. Белякова
210 _aМосква
_cПервый том
_d2017
215 _a339, [1] с.
_cил.
_d22
686 _aШ5(2=Р)64-644
_2rubbk
686 2 _aШ6(2=Р)8-440.4
700 1 _aБелякова
_bН. С.
942 _cBOOK
980 _aNBR
980 _aNB